Представление документа в формате RUSMARC

ПолеНазваниеЗначение
  Тип записи a
  Библиографический уровень m
001 Контрольный номер 0a8dfdca128243519b177915de331e8e
005 Дата корректировки 20150303155709.2
010 Индекс ISBN __
a ISBN 978-5-392-13200-3
101 Язык документа 0_
a Язык текста rus
102 Страна публикации __
a Страна публикации RU
200 Заглавие и сведения об ответственности 1_
a Заглавие Делопроизводство
b Общее обозначение материала Текст
e Сведения, относящиеся к заглавию Образцы, документы. Организация и технология работы
f Первые сведения об ответственности В.В. Галахов [и др.]
g Последующие сведения об ответственности под ред. И.К. Корнеева, В.А. Кудряева
205 Сведения об издании __
a Основные сведения об издании 3-е изд, перераб. и доп.
210 Выходные данные 1_
a Место издания Москва
c Издательство Проспект
d Дата издания 2014
215 Физическое описание __
a Объем 479 с.
610 Ключевые слова 0_
a Ключевые слова делопроизводство
610 Ключевые слова 0_
a Ключевые слова оформление документов
610 Ключевые слова 0_
a Ключевые слова деловая переписка
610 Ключевые слова 0_
a Ключевые слова документооборот
610 Ключевые слова 0_
a Ключевые слова хранение документов
610 Ключевые слова 0_
a Ключевые слова конфиденциальные документы
610 Ключевые слова 0_
a Ключевые слова кадровая документация
610 Ключевые слова 0_
a Ключевые слова компьютерная подготовка документов
610 Ключевые слова 0_
a Ключевые слова офисная техника
686 Индексы других классификаций __
a Классификационный индекс 65.050.2
701 Альтернативная интеллектуальная ответственность _1
a Фамилия Галахов
b Имя В. В.
e Роль лиц Автор
4 Код отношения 070
701 Альтернативная интеллектуальная ответственность _1
a Фамилия Корнеев
b Имя И. К.
e Роль лиц Автор
4 Код отношения 070
701 Альтернативная интеллектуальная ответственность _1
a Фамилия Ксандопуло
b Имя Г. Н.
e Роль лиц Автор
4 Код отношения 070
701 Альтернативная интеллектуальная ответственность _1
a Фамилия Пшенко
b Имя А. В.
e Роль лиц Автор
4 Код отношения 070
701 Альтернативная интеллектуальная ответственность _1
a Фамилия Степанов
b Имя Е. А.
e Роль лиц Автор
4 Код отношения 070
701 Альтернативная интеллектуальная ответственность _1
a Фамилия Янковая
b Имя В. Ф.
e Роль лиц Автор
4 Код отношения 070
702 Вторичная интеллектуальная ответственность _1
a Фамилия Корнеев
b Имя И. К.
e Роль лиц Редактор
4 Код отношения 340
702 Вторичная интеллектуальная ответственность _1
a Фамилия Кудряев
b Имя В. А.
e Роль лиц Редактор
4 Код отношения 340
801 Источник записи _0
a Страна RU
b Организация РУК
c Дата составления 20150303
g Правила каталогизации PSBO
801 Источник записи _1
a Страна RU
b Организация РУК
c Дата составления 20150303
g Правила каталогизации PSBO
852 Данные о местонахождении __
i Авторский знак Д 29
j Шифр хранения ББК 65.050
901 Тип документа __
t Тип документа m
937 Технологическая информация __
a Создатель записи (имя) Золотухина
938 Служебная информация __
a Название организации Головной вуз